000 00639nam a22002297a 4500
003 UA-OsUOA
001 101263
007 ta
008 20130612b un ||||| |||| 00| 0 ukr d
090 _a94(4)"1939-1973"
_bН72
942 _cBK
040 _aUA-OsUOA
_brus
_cUA-OsUOA
_dUA-OsUOA
245 _aНовейшая история (1939-1973 гг.)
_cГалкин И.
300 _a622 с.
955 _a2
041 _arus
080 _a94(4)"1939-1973"
260 _aМ.
_bВысшая школа
_c1975
044 _aRU
650 7 _a9 Географія. Біографії. Історія
_2UDC
999 _c387435
_d387435